000 02451cam a2200289 i 4500
003 SA-RiAUC
005 20260313115427.0
008 260312s1916 ua g 00010 ara c
040 _aSA-RiAUC
_bara
_cSA-RiAUC
_erda
043 _af-ua---
082 0 4 _a929.20962
090 _aم ن 929.20962
_bم ق ر
100 1 _aالمقريزي، أحمد بن علي بن عبد القادر،
_d766-845 هجري
_eمؤلف.
245 1 2 _aالبيان والإعراب عما بأرض مصر من الأعراب /
_cتأليف أحمد بن علي بن عبد القادر المقريزي ؛ مراجعة ونشر إبراهيم رمزي.
264 1 _aالقاهرة :
_bحمد الباسل،
_c1916
300 _a70 صفحة ؛
_c29 سم
336 _aنص
_btxt
_2rdacontent
_3كتاب
337 _aبدون وسيط
_bn
_2rdamedia
338 _aمجلد
_bnc
_2rdacarrier
650 7 _aالقبائل العربية
_zمصر
_yالعصر المملوكي، 1250-1517
_2aucsh
651 7 _aمصر
_xتاريخ
_2aucsh
700 0 _aإبراهيم رمزي بن محمد رمزي بن محمد الكبير الأرضروملي،
_cبك،
_d1284-1343 هجري
_eمراجع.
856 _uhttp://www.alwaraq.net/Core/AlwaraqSrv/bookpage?book=574&option=1&fkey=2&page=1
_yDigital Copy
_2 نرجو الانتباه لإمكانية وجود اختلاف في الطبعة أو الناشر بين البيانات على البوابة وما ستجده على الكتاب نظرا لمحدودية المعلومات المتاحة على الموقع الناشر للمادة.
_3Please note that there may be a difference in the edition or publisher between the data on the portal and the book due to the limited information available on the publisher website for the material.
856 _uhttp://www.alwaraq.net/Core/waraq/coverpage?bookid=574&option=1
_yExternal Link
_2 نرجو الانتباه لإمكانية وجود اختلاف في الطبعة أو الناشر بين البيانات على البوابة وما ستجده على الكتاب نظرا لمحدودية المعلومات المتاحة على الموقع الناشر للمادة.
_3Please note that there may be a difference in the edition or publisher between the data on the portal and the book due to the limited information available on the publisher website for the material.
942 _2ddc
_cRBOOK COPY
_n0
949 _aSA-JeALM
_d260312
_umohamedma123
_n1
999 _c14550
_d14550